01660nac a22003611u 4500999001700000003000900017005001700026008004100043020001800084040004300102082002200145100005000167245008500217250001900302264005200321264001000373300004600383336002600429337002800455338002700483500002500510504005100535520023900586650002900825650003600854650003700890653002200927655002400949856009000973856007801063942002501141952013201166 c28247d28218EG-ScBUE20200307114442.0091108t2005 njua f b 001 0 eng d a9780471448785 aEG-ScBUEbengerdacEG-ScBUEdEG-ScBUE04a621.3813bPOZ2221 aPozar, David M., eauthor.9921910aMicrowave Engineering /cDavid M. Pozar, University of Massachusetts at Amherst. aThird edition. 1aHoboken, NJ :bJohn Wiley & Sons, Inc.,c[2005] 4cc2005 axvii, 700 pages :billustrations ;c26 cm 2rdacontentatextbtxt 2rdamediaaunmediatedbn 2rdacarrieravolumebnc aIncludes appendices. aIncludes bibliographical references and index. aPozar emphasizes the fundamental concepts of Maxwell's equations, wave propagation, network analysis and design principles as applied to modern microwave engineering. This edition features worked examples of practical design problems. 7aMicrowaves.2BUEsh99220 7aMicrowave devices.2BUEsh99221 7aMicrowave circuits.2BUEsh99222 bENGGENcMarch2020 vReading book934232423Publisher descriptionuhttp://www.loc.gov/catdir/description/wiley041/2003065001.html423Table of contentsuhttp://www.loc.gov/catdir/toc/wiley041/2003065001.html cBBk621.3813POZ2ddc 00102ddc40708BaccahaMAINbMAINc1STd2020-03-07ePurchasel0o621.3813 POZp000048901r2025-07-15 00:00:00w2020-03-07yBB